| 000 | 00980nam a2200205 4500 | ||
|---|---|---|---|
| 003 | OSt | ||
| 005 | 20211204205835.0 | ||
| 008 | s2009 le fre u | ||
| 040 | _aLB-BrCRDP | ||
| 082 | 1 |
_aSoc.Ar. _bS2S.CRDP. |
|
| 100 | 1 | _aشاوول، ملحم | |
| 245 | 1 | 0 |
_aالقيم والمشكلات الإجتماعية، التعليم الثانوي، السنة الثانية، فرع العلوم _cملحم شاوول، أحمد بعلبكي |
| 260 |
_aبيروت _bالمركز التربوي للبحوث والانماء _c2009 |
||
| 300 |
_a184 p. _c19*26 |
||
| 650 | _aالتربية والتعليم -- كتاب الاجتماع -- التعليم الثانوي -- السنة الثانية -- فرع العلوم | ||
| 650 | _aكتاب الاجتماع -- التعليم الثانوي -- السنة الثانية -- فرع العلوم | ||
| 700 | 1 | _aبعلبكي، احمد | |
| 942 |
_cBK _2ddc |
||
| 999 |
_c6437 _d6437 |
||